[Event "4NCL 3 South pool D"]
[Site "Telford, ENG"]
[Date "2016.03.20"]
[Round "8.95"]
[White "Lambourne, Dan M"]
[Black "Hewitt, William"]
[Result "1-0"]
[WhiteElo "1983"]
[BlackElo "2033"]
[PlyCount "137"]
[EventDate "2016.03.20"]

1. d4 Nf6 2. Nf3 g6 3. c4 Bg7 4. Nc3 d5 5. e3 O-O 6. Be2 c5 7. dxc5 Qa5 8. O-O
dxc4 9. Bxc4 Qxc5 10. Qd4 Qh5 11. Qe5 Qxe5 12. Nxe5 Nbd7 13. Nd3 Nb6 14. Bb3
Rd8 15. Ne5 e6 16. Nf3 Bd7 17. e4 Bc6 18. Re1 h6 19. Bf4 g5 20. Bc7 Rdc8 21.
Bxb6 axb6 22. Nd4 Nd7 23. Rad1 Nc5 24. e5 Nxb3 25. Nxb3 Ba4 26. g3 Bxb3 27.
axb3 Ra5 28. f4 gxf4 29. gxf4 Rac5 30. Rd3 R5c6 31. Re2 f6 32. Rd7 R8c7 33.
Rxc7 Rxc7 34. exf6 Bxf6 35. Rxe6 Rc6 36. Rxc6 bxc6 37. Kf2 Kf7 38. Ke3 Ke6 39.
Ke4 Be7 40. Ne2 h5 41. Nd4+ Kd7 42. Kf5 c5 43. Nb5 h4 44. h3 Bd8 45. Nc3 Kd6
46. Ke4 Ke6 47. Nd5 b5 48. Nc3 b4 49. Nd5 Ba5 50. f5+ Kd6 51. Ne3 Bd8 52. Nc4+
Ke7 53. Ne5 Kf6 54. Nd7+ Kf7 55. Nxc5 Bf6 56. Nd3 Ke7 57. Nxb4 Bxb2 58. Nd5+
Kd6 59. b4 Ba3 60. b5 Bc5 61. f6 Ke6 62. b6 Bd6 63. b7 Bb8 64. Nb6 Bc7 65. Nd5
Bb8 66. Kd4 Bd6 67. Kc4 Kd7 68. f7 Kc6 69. b8=Q 1-0

[Event "4NCL 3 South pool D"]
[Site "Telford, ENG"]
[Date "2016.03.20"]
[Round "8.96"]
[White "Brown, Thomas"]
[Black "Kendall, Paul S N"]
[Result "1-0"]
[WhiteElo "2093"]
[BlackElo "1969"]
[PlyCount "51"]
[EventDate "2016.03.20"]

1. d4 Nf6 2. c4 e6 3. Nc3 Bb4 4. Qc2 Nc6 5. Nf3 O-O 6. Bd2 d5 7. cxd5 exd5 8.
e3 Bg4 9. Bd3 Re8 10. a3 Bxf3 11. gxf3 Nxd4 12. Qd1 Bd6 13. O-O Ne6 14. f4 c6
15. b4 Qc7 16. Rc1 Qe7 17. Ne2 Ne4 18. Bxe4 dxe4 19. Ng3 Rad8 20. Qe2 Nc7 21.
Rc4 Qd7 22. Rxe4 Bxf4 23. Rxf4 Qxd2 24. Qh5 Qd5 25. Nf5 Re4 26. Qg4 1-0

[Event "4NCL 3 South pool D"]
[Site "Telford, ENG"]
[Date "2016.03.20"]
[Round "8.97"]
[White "Valentine, Brian J"]
[Black "Heaven, Peter"]
[Result "1/2-1/2"]
[WhiteElo "1959"]
[BlackElo "2033"]
[PlyCount "44"]
[EventDate "2016.03.20"]

1. e4 c5 2. Nf3 a6 3. c3 d5 4. exd5 Qxd5 5. Be2 Nf6 6. d4 e6 7. O-O Be7 8. Ne5
O-O 9. Bf3 Qd8 10. Bf4 Nbd7 11. Nd2 cxd4 12. cxd4 Nd5 13. Bg3 Nxe5 14. Bxe5 Bd7
15. Be4 f6 16. Bg3 Bb5 17. Re1 f5 18. Bxd5 Qxd5 19. Be5 Bc6 20. f3 Rad8 21. Nb1
Bc5 22. Nc3 Bxd4+ 1/2-1/2

[Event "4NCL 3 South pool D"]
[Site "Telford, ENG"]
[Date "2016.03.20"]
[Round "8.98"]
[White "Trevelyan, John"]
[Black "Obi, Marc ON"]
[Result "1-0"]
[WhiteElo "2074"]
[BlackElo "1900"]
[PlyCount "137"]
[EventDate "2016.03.20"]

1. d4 g6 2. c4 Nf6 3. Nc3 Bg7 4. e4 d6 5. Be2 O-O 6. Nf3 Na6 7. O-O e5 8. dxe5
dxe5 9. Qxd8 Rxd8 10. Bg5 Re8 11. Nd2 h6 12. Be3 c6 13. f3 Be6 14. a3 g5 15. g4
Nd7 16. b4 Nc7 17. Rfd1 Nf8 18. Nf1 Ng6 19. Ng3 Nf4 20. Bf1 b6 21. Rd2 Rad8 22.
Rad1 Bf6 23. Nf5 Bxf5 24. exf5 Rxd2 25. Rxd2 Rd8 26. Rxd8+ Bxd8 27. Ne4 f6 28.
Nd6 Na8 29. Nc8 a5 30. bxa5 bxa5 31. Na7 Bb6 32. Bxb6 Nxb6 33. Nxc6 a4 34. Nb8
Kf8 35. c5 Nbd5 36. c6 Nc7 37. Kf2 Ke7 38. Ke3 Kd6 39. Kd2 Nfd5 40. Bd3 Kc5 41.
Be4 Kb5 42. Nd7 Kc4 43. Bxd5+ Kxd5 44. Nxf6+ Kxc6 45. Kc3 Kc5 46. Ne4+ Kd5 47.
Kd3 Kc6 48. Nc3 Kd6 49. Kc4 Kc6 50. f6 Kd7 51. Nd5 Ne6 52. Nb6+ Kd6 53. Nxa4
Nd4 54. Nc3 Nxf3 55. Ne4+ Ke6 56. a4 Nxh2 57. a5 Nxg4 58. a6 Nxf6 59. Nxf6 Kxf6
60. a7 Kf5 61. a8=Q g4 62. Qf8+ Ke4 63. Qxh6 Kf3 64. Qf6+ Kg2 65. Qxe5 g3 66.
Kd3 Kf2 67. Qf4+ Kg2 68. Ke2 Kh3 69. Kf3 1-0

[Event "4NCL 3 South pool D"]
[Site "Telford, ENG"]
[Date "2016.03.20"]
[Round "8.99"]
[White "Matthews, Adrian M S"]
[Black "Hatchett, Paul"]
[Result "1/2-1/2"]
[WhiteElo "1882"]
[BlackElo "1987"]
[PlyCount "60"]
[EventDate "2016.03.20"]

1. e4 Nf6 2. Nc3 e5 3. g3 Nc6 4. Bg2 Bc5 5. Nf3 d6 6. O-O a6 7. d3 O-O 8. Bg5
h6 9. Bxf6 Qxf6 10. Nd5 Qd8 11. c3 Ba7 12. Kh1 Ne7 13. Nd2 Nxd5 14. exd5 f5 15.
f4 Rb8 16. Nf3 exf4 17. gxf4 Be3 18. Ng1 Bxg1 19. Rxg1 Qh4 20. Qf3 Bd7 21. Rae1
Rbe8 22. Qg3 Qxg3 23. hxg3 Rxe1 24. Rxe1 Re8 25. Rxe8+ Bxe8 26. Kg1 Kf7 27. Kf2
Kf6 28. Ke3 g5 29. b4 h5 30. c4 Ba4 1/2-1/2

[Event "4NCL 3 South pool D"]
[Site "Telford, ENG"]
[Date "2016.03.20"]
[Round "8.99"]
[White "Van Kemenade, Rudy"]
[Black "Whiteside, Robert"]
[Result "1-0"]
[WhiteElo "1968"]
[BlackElo "1794"]
[PlyCount "79"]
[EventDate "2016.03.20"]

1. f4 e5 2. e4 exf4 3. Nf3 Be7 4. Bc4 Bh4+ 5. Kf1 Nh6 6. d4 O-O 7. Bxf4 c6 8.
Bxh6 gxh6 9. Nc3 b5 10. Bb3 b4 11. Ne2 d5 12. exd5 cxd5 13. Nxh4 a5 14. Nf3 a4
15. Bxd5 Qxd5 16. Qd2 Ba6 17. Kf2 Nc6 18. Nf4 Qf5 19. Rhe1 Rac8 20. Rac1 Rfe8
21. c4 bxc3 22. bxc3 Na5 23. g4 Qf6 24. Nh5 Qd6 25. Qf4 Qxf4 26. Nxf4 Bc4 27.
a3 Nb3 28. Rxe8+ Rxe8 29. Re1 Rxe1 30. Kxe1 Kg7 31. Nd2 Nxd2 32. Kxd2 Kf6 33.
h4 Bb3 34. Ng2 h5 35. gxh5 Kf5 36. c4 Ke4 37. Kc3 f5 38. d5 f4 39. Nxf4 Kxf4
40. d6 1-0

[Event "4NCL 3 South pool D"]
[Site "Telford, ENG"]
[Date "2016.03.20"]
[Round "8.99"]
[White "Byway, Paul V"]
[Black "Byron, Alan M"]
[Result "0-1"]
[WhiteElo "2092"]
[BlackElo "2118"]
[PlyCount "118"]
[EventDate "2016.03.20"]

1. Nf3 d6 2. d4 Nf6 3. c4 g6 4. Nc3 Bg7 5. e3 O-O 6. Be2 c6 7. O-O a6 8. b4 b5
9. a4 bxc4 10. Bxc4 Nbd7 11. Ba3 a5 12. b5 Nb6 13. Be2 Nfd5 14. Nxd5 cxd5 15.
Qb3 Bb7 16. Rac1 Re8 17. Rfd1 e6 18. Bb2 Re7 19. Ba3 Rd7 20. Bb2 Bf6 21. Bc3
Qf8 22. Be1 Bd8 23. Nd2 e5 24. dxe5 dxe5 25. Nf3 f6 26. Bc3 Bc7 27. Ra1 Kg7 28.
Qb2 Qd6 29. Qa3 Qe6 30. Qb2 d4 31. exd4 e4 32. d5 Qd6 33. Bxf6+ Qxf6 34. Qxf6+
Kxf6 35. Nd2 Bxd5 36. Nc4 Bxc4 37. Rxd7 Nxd7 38. Bxc4 Nb6 39. Bb3 Bd6 40. Re1
Rc8 41. g3 Rc3 42. Bg8 Kg7 43. Be6 Nxa4 44. Rxe4 Nc5 45. Re2 Bc7 46. Bd5 Bb6
47. Re7+ Kf6 48. Rxh7 Nd3 49. Rf7+ Ke5 50. Bc6 Bxf2+ 51. Kf1 a4 52. Re7+ Kf6
53. Re4 a3 54. Ra4 Bc5 55. Be4 Nb4 56. b6 a2 57. b7 Bd6 58. Rxb4 a1=Q+ 59. Rb1
Rc1+ 0-1

[Event "4NCL 3 South pool D"]
[Site "Telford, ENG"]
[Date "2016.03.20"]
[Round "8.99"]
[White "Piper, Stephen J"]
[Black "Rosen, Daniel B"]
[Result "1-0"]
[WhiteElo "2056"]
[BlackElo "2069"]
[PlyCount "49"]
[EventDate "2016.03.20"]

1. c4 e5 2. Nc3 Nc6 3. g3 f5 4. Bg2 Nf6 5. d3 Bb4 6. Bd2 O-O 7. a3 Bxc3 8. Bxc3
d6 9. e3 f4 10. gxf4 exf4 11. e4 Ng4 12. Nf3 Nce5 13. Qe2 b5 14. cxb5 Be6 15.
Nd4 Bd7 16. h3 Nxf2 17. Kxf2 Qh4+ 18. Kg1 f3 19. Nxf3 Nxf3+ 20. Bxf3 Qg3+ 21.
Bg2 Bxb5 22. Qg4 Qe3+ 23. Kh2 g6 24. Qe6+ Rf7 25. Rhf1 1-0

[Event "4NCL 3 South pool D"]
[Site "Telford, ENG"]
[Date "2016.03.20"]
[Round "8.99"]
[White "McCorry, Robert T"]
[Black "Compton, Alistair"]
[Result "0-1"]
[WhiteElo "2022"]
[BlackElo "2092"]
[PlyCount "64"]
[EventDate "2016.03.20"]

1. Nf3 d5 2. d4 Nf6 3. c4 dxc4 4. e3 Be6 5. Na3 c5 6. Bxc4 Bxc4 7. Nxc4 Nc6 8.
O-O e6 9. Qe2 cxd4 10. Rd1 Qc7 11. exd4 Be7 12. Bg5 Nd5 13. Rac1 Bxg5 14. Nxg5
Qe7 15. Ne4 O-O 16. Ne5 Nxe5 17. dxe5 Rac8 18. Nd6 Rxc1 19. Rxc1 Qg5 20. Rc4 b6
21. g3 h6 22. h4 Qe7 23. Qc2 f5 24. a3 a5 25. f4 g5 26. hxg5 hxg5 27. Qh2 gxf4
28. Qh6 Ne3 29. Rxf4 Ng4 30. Qg6+ Kh8 31. Rc4 Nxe5 32. Rh4+ Qxh4 0-1

[Event "4NCL 3 South pool D"]
[Site "Telford, ENG"]
[Date "2016.03.20"]
[Round "8.99"]
[White "Jaszkiwskyj, Peter"]
[Black "McMahon, Paul"]
[Result "1-0"]
[WhiteElo "1982"]
[BlackElo "2014"]
[PlyCount "37"]
[EventDate "2016.03.20"]

1. d4 Nf6 2. c4 e5 3. dxe5 Ng4 4. Bf4 Nc6 5. Nf3 Bb4+ 6. Nc3 f6 7. exf6 Qxf6 8.
Bd2 O-O 9. a3 Bc5 10. Ne4 Qf5 11. Nxc5 Qxc5 12. e3 d6 13. Be2 Be6 14. b4 Qh5
15. Bc3 Rad8 16. h3 Nce5 17. Rf1 Nxe3 18. fxe3 Nxc4 19. Qd4 1-0

[Event "4NCL 3 South pool D"]
[Site "Telford, ENG"]
[Date "2016.03.20"]
[Round "8.99"]
[White "Judkins, Brian D"]
[Black "Gibson, Christopher A"]
[Result "0-1"]
[WhiteElo "1847"]
[BlackElo "1947"]
[PlyCount "112"]
[EventDate "2016.03.20"]

1. e4 c5 2. Nf3 Nc6 3. d3 e6 4. g3 d5 5. Nbd2 Nf6 6. Bg2 b5 7. O-O Bb7 8. Re1
Be7 9. e5 Nd7 10. Nf1 a5 11. Bf4 g5 12. Be3 d4 13. Bc1 g4 14. N3d2 h5 15. f4
gxf3 16. Nxf3 h4 17. Bf4 h3 18. Bh1 Nf8 19. Qd2 Ng6 20. Bg5 Ncxe5 21. Nxe5 Bxg5
22. Qf2 Nxe5 23. Bxb7 Ng6 24. Bc6+ Ke7 25. Qf5 Bh6 26. Qxc5+ Qd6 27. Qxd6+ Kxd6
28. Bxa8 Rxa8 29. Kf2 Ne5 30. Re4 Kd5 31. Rae1 Ng6 32. g4 Rc8 33. Kg3 Rxc2 34.
R1e2 Rc1 35. Rf2 Ne5 36. Rxe5+ Kxe5 37. Kxh3 Rd1 38. Rf3 Rb1 39. Rf2 Rd1 40.
Rf3 Rb1 41. Rf2 Be3 42. Rf3 Rxb2 43. Nxe3 dxe3 44. Rxe3+ Kd6 45. Rf3 Ke7 46.
Kg3 Rxa2 47. h4 Rc2 48. Re3 Rc8 49. Kf3 a4 50. Re5 Rb8 51. Ke2 a3 52. Kd2 a2
53. Re1 Rg8 54. g5 Rh8 55. Kc3 Rxh4 56. Ra1 Ra4 0-1

[Event "4NCL 3 South pool D"]
[Site "Telford, ENG"]
[Date "2016.03.20"]
[Round "8.99"]
[White "Ressel, Eva"]
[Black "Mountford, Corinne"]
[Result "0-1"]
[WhiteElo "1601"]
[BlackElo "1727"]
[PlyCount "41"]
[EventDate "2016.03.20"]

1. e4 d5 2. exd5 Nf6 3. d4 Bg4 4. Nf3 Qxd5 5. Nc3 Qh5 6. Be2 Nc6 7. O-O O-O-O
8. h3 e5 9. d5 h6 10. hxg4 Nxg4 11. Nh4 f5 12. Bxg4 fxg4 13. Qd3 Nd4 14. Ng6
Rg8 15. Qe4 Bd6 16. Be3 Nf3+ 17. gxf3 gxf3 18. Nh4 Rdf8 19. Nb5 Rf4 20. Bxf4
Qg4+ 21. Bg3 0-1

[Event "4NCL 3 South pool D"]
[Site "Telford, ENG"]
[Date "2016.03.20"]
[Round "8.99"]
[White "Birkin, Mark H"]
[Black "Stayt, James N"]
[Result "1/2-1/2"]
[WhiteElo "2027"]
[BlackElo "1961"]
[PlyCount "54"]
[EventDate "2016.03.20"]

1. e4 e6 2. d3 d5 3. Nd2 c5 4. Ngf3 Nc6 5. g3 Nf6 6. Bg2 Qc7 7. O-O Be7 8. Re1
b6 9. Qe2 Bb7 10. e5 Nd7 11. h4 h6 12. Nf1 O-O-O 13. Bf4 Rdg8 14. h5 g5 15.
hxg6 fxg6 16. g4 g5 17. Bd2 Nf8 18. c3 Ng6 19. b4 Rf8 20. b5 Nd8 21. d4 c4 22.
a4 Nf4 23. Qd1 Qd7 24. Ng3 Qe8 25. Ra2 Qf7 26. a5 Kc7 27. Bc1 Rh7 1/2-1/2

[Event "4NCL 3 South pool D"]
[Site "Telford, ENG"]
[Date "2016.03.20"]
[Round "8.99"]
[White "Vachtfeidl, Petr"]
[Black "Deighton, Simon"]
[Result "1/2-1/2"]
[WhiteElo "1954"]
[BlackElo "1997"]
[PlyCount "133"]
[EventDate "2016.03.20"]

1. e4 c5 2. Nf3 Nc6 3. d4 cxd4 4. Nxd4 Nf6 5. Nc3 e5 6. Ndb5 d6 7. Bg5 a6 8.
Na3 b5 9. Bxf6 gxf6 10. Nd5 f5 11. c3 Bg7 12. exf5 Bxf5 13. Nc2 O-O 14. Nce3
Bd7 15. Bd3 f5 16. Qh5 e4 17. Bc2 Ne5 18. Nf4 Rf6 19. Bb3+ Kh8 20. Ned5 Rh6 21.
Qe2 Ng6 22. Nh5 Be5 23. g3 Qg5 24. Nhf4 Nxf4 25. gxf4 Bxf4 26. Nxf4 Qxf4 27.
Qe3 Qxe3+ 28. fxe3 Be6 29. Bxe6 Rxe6 30. Rf1 Rh6 31. Rxf5 Rxh2 32. O-O-O Rg8
33. Rd2 Rxd2 34. Kxd2 Rg2+ 35. Kc1 Kg7 36. Rf4 h5 37. Rxe4 Rg4 38. Re7+ Kf6 39.
Ra7 h4 40. Kc2 Ke5 41. b4 Ke4 42. Rxa6 Rg6 43. Ra8 Rh6 44. Re8+ Kf3 45. Kd3 h3
46. Rf8+ Kg3 47. c4 bxc4+ 48. Kxc4 h2 49. Rf1 Kg2 50. Rd1 Rf6 51. b5 Rf1 52.
Rd2+ Rf2 53. Rd1 Rxa2 54. Kd5 h1=Q 55. Rxh1 Rd2+ 56. Kc6 Kxh1 57. b6 Kg2 58. b7
Rb2 59. Kxd6 Rxb7 60. e4 Rb6+ 61. Kd7 Rb5 62. Kd6 Kf3 63. e5 Ke4 64. e6 Rd5+
65. Kc7 Re5 66. Kd7 Rxe6 67. Kxe6 1/2-1/2

[Event "4NCL 3 South pool D"]
[Site "Telford, ENG"]
[Date "2016.03.20"]
[Round "8.99"]
[White "Mossong, Hubert"]
[Black "Fowler, David"]
[Result "1-0"]
[WhiteElo "2018"]
[BlackElo "1901"]
[PlyCount "87"]
[EventDate "2016.03.20"]

1. e4 c6 2. d4 d5 3. e5 Bf5 4. Nc3 a5 5. Be3 a4 6. a3 Qb6 7. Rb1 Qa5 8. Bd3
Bxd3 9. Qxd3 e6 10. Bd2 Qa6 11. Qe2 Nh6 12. Nf3 Be7 13. O-O Nf5 14. g4 Qxe2 15.
Nxe2 Nh4 16. Nxh4 Bxh4 17. Nc1 Be7 18. Nd3 Nd7 19. f4 g6 20. Rf3 h5 21. h3 hxg4
22. hxg4 Rh4 23. Nf2 O-O-O 24. Kg2 Rdh8 25. Rh1 Rxh1 26. Nxh1 Nb6 27. Nf2 Nc4
28. Bc1 Kd7 29. Nd3 b6 30. Rh3 Rxh3 31. Kxh3 c5 32. c3 Na5 33. Kg3 cxd4 34.
cxd4 Nb3 35. Be3 Kc6 36. f5 g5 37. f6 Bf8 38. Bxg5 Nxd4 39. Be3 Nc2 40. Bf2 b5
41. g5 b4 42. axb4 Bxb4 43. Nxb4+ Nxb4 44. g6 1-0

[Event "4NCL 3 South pool D"]
[Site "Telford, ENG"]
[Date "2016.03.20"]
[Round "8.99"]
[White "Homolka, Vincent"]
[Black "Clark, William G Bill"]
[Result "1/2-1/2"]
[WhiteElo "1823"]
[BlackElo "1930"]
[PlyCount "39"]
[EventDate "2016.03.20"]

1. e4 c5 2. Nc3 Nc6 3. g3 g6 4. Bg2 Bg7 5. d3 e6 6. Be3 d6 7. Qd2 Nge7 8. Bh6
O-O 9. Bxg7 Kxg7 10. Nge2 Nd4 11. Nd1 e5 12. c3 Nxe2 13. Qxe2 Be6 14. O-O Qd7
15. Ne3 f6 16. f4 Rae8 17. f5 Bf7 18. fxg6 hxg6 19. Rf2 Be6 20. b3 1/2-1/2

[Event "4NCL 3 South pool D"]
[Site "Telford, ENG"]
[Date "2016.03.20"]
[Round "8.99"]
[White "Harvey, John"]
[Black "Weaver, Lauren"]
[Result "1-0"]
[WhiteElo "1817"]
[BlackElo "1542"]
[PlyCount "103"]
[EventDate "2016.03.20"]

1. e4 d5 2. exd5 Qxd5 3. Nc3 Qd6 4. d4 c6 5. Bc4 Nf6 6. h3 Bf5 7. Nf3 Nbd7 8.
Bg5 e6 9. Bb3 Be7 10. Bh4 Qc7 11. Qe2 O-O 12. g4 Bg6 13. Bg3 Bd6 14. Ne5 Rfe8
15. O-O-O Nd5 16. Ne4 Bxe4 17. Qxe4 b5 18. g5 b4 19. Rhe1 N7b6 20. Rd3 a5 21.
Bxd5 cxd5 22. Qg4 Rec8 23. Qd1 a4 24. Kb1 Qa7 25. Ka1 Qa5 26. Rde3 b3 27. c3
bxa2 28. Nd3 Bxg3 29. Rxg3 Nc4 30. Nc5 Rcb8 31. Re2 e5 32. h4 Rb5 33. Nd7 Nxb2
34. Nf6+ Kh8 35. Rxb2 Rxb2 36. Kxb2 gxf6 37. gxf6 Qb6+ 38. Kxa2 Rb8 39. Qc2
Qxf6 40. dxe5 Qxe5 41. Qd2 Qe4 42. Qd4+ Qxd4 43. cxd4 Rb4 44. Rg4 f6 45. Ka3
Rc4 46. h5 f5 47. Rf4 Kg7 48. Rxf5 Rxd4 49. Kb2 Rd3 50. Kc2 a3 51. Kxd3 a2 52.
Rg5+ 1-0

[Event "4NCL 3 South pool D"]
[Site "Telford, ENG"]
[Date "2016.03.20"]
[Round "8.99"]
[White "Briscoe, Chris"]
[Black "Brackmann, Hendrik"]
[Result "1-0"]
[WhiteElo "2195"]
[BlackElo "2049"]
[PlyCount "63"]
[EventDate "2016.03.20"]

1. e4 c5 2. Nf3 Nc6 3. Bb5 Nf6 4. Nc3 g6 5. O-O Bg7 6. h3 O-O 7. Re1 Ne8 8. d3
Nc7 9. Bc4 Na5 10. Be3 Nxc4 11. dxc4 b6 12. Qd2 Re8 13. Bh6 Bh8 14. Rad1 Ne6
15. e5 Bb7 16. Ne4 Bc6 17. c3 Qc7 18. Neg5 Nxg5 19. Bxg5 Rad8 20. Bf4 Qb7 21.
Re3 Qa8 22. Rde1 Bg7 23. h4 f6 24. exf6 exf6 25. h5 Rxe3 26. Qxe3 Bxf3 27. gxf3
Bf8 28. hxg6 hxg6 29. Bh6 Bd6 30. Qd3 Kh7 31. Qxd6 Kxh6 32. Qf4+ 1-0

[Event "4NCL 3 South pool D"]
[Site "Telford, ENG"]
[Date "2016.03.20"]
[Round "8.99"]
[White "Foster, Timothy"]
[Black "Jones, Steven A"]
[Result "0-1"]
[WhiteElo "1967"]
[BlackElo "2173"]
[PlyCount "58"]
[EventDate "2016.03.20"]

1. Nf3 Nf6 2. c4 g6 3. g3 Bg7 4. Bg2 O-O 5. O-O d6 6. Nc3 Nc6 7. Rb1 e5 8. d3
Nd4 9. Nxd4 exd4 10. Nd5 c6 11. Nxf6+ Bxf6 12. b4 a6 13. a4 Re8 14. h3 Be6 15.
Kh2 Qd7 16. Bb2 Bg7 17. Qd2 h5 18. h4 d5 19. c5 Qc7 20. Rbe1 Bf6 21. f4 Bf5 22.
Qd1 Re3 23. Bf3 Rae8 24. Qa1 Qe7 25. Bc1 Re6 26. Bb2 Bxd3 27. Bxd4 Bxd4 28.
Qxd4 Bxe2 29. Bg2 Bxf1 0-1

[Event "4NCL 3 South pool D"]
[Site "Telford, ENG"]
[Date "2016.03.20"]
[Round "8.99"]
[White "Singleton, Michael P F"]
[Black "Idle, Oscar"]
[Result "1-0"]
[WhiteElo "2125"]
[BlackElo "1840"]
[PlyCount "91"]
[EventDate "2016.03.20"]

1. d4 Nf6 2. c4 e6 3. Nc3 Bb4 4. e3 O-O 5. Nf3 d5 6. Bd3 b6 7. O-O Ba6 8. Ne5
dxc4 9. Bb1 Bd6 10. f4 c5 11. Rf3 h6 12. Rg3 b5 13. Ne4 Bb7 14. Nxf6+ Qxf6 15.
Qc2 Re8 16. Qh7+ Kf8 17. Ng4 Qd8 18. Qh8+ Ke7 19. Qxg7 Qa5 20. Kf2 c3 21. dxc5
Bxc5 22. Qf6+ Kd7 23. bxc3 Nc6 24. Be4 Be7 25. Bxc6+ Kxc6 26. Qd4 Rad8 27. Qe4+
Kc7 28. Qc2 Bh4 29. Nxh6 Bxg3+ 30. hxg3 f5 31. Nf7 Be4 32. Qe2 Rd3 33. Bd2 Qa3
34. Ne5 Rd6 35. c4 b4 36. c5 Rd5 37. c6 Bd3 38. Qh5 Re7 39. Qg5 b3 40. axb3 Qc5
41. b4 Qd6 42. Rxa7+ Kb6 43. Qxe7 Qxe7 44. Rxe7 Ba6 45. Bc3 Rd1 46. Bd4+ 1-0

[Event "4NCL 3 South pool D"]
[Site "Telford, ENG"]
[Date "2016.03.20"]
[Round "8.99"]
[White "Neatherway, A Philip"]
[Black "Seymour, Timothy P"]
[Result "1/2-1/2"]
[WhiteElo "1822"]
[BlackElo "2065"]
[PlyCount "73"]
[EventDate "2016.03.20"]

1. b3 e5 2. Bb2 Nc6 3. e3 Nf6 4. Bb5 Bd6 5. Na3 Na5 6. Nc4 Nxc4 7. Bxc4 O-O 8.
Nf3 e4 9. Ng5 Be7 10. h4 d5 11. Be2 a5 12. d3 h6 13. Nh3 exd3 14. cxd3 Bb4+ 15.
Kf1 Bd6 16. g4 Nh7 17. Nf4 Bxf4 18. exf4 d4 19. Rc1 Qd6 20. Qd2 c5 21. Bf3 Ra7
22. Re1 Be6 23. g5 b6 24. Rg1 Kh8 25. Re5 hxg5 26. hxg5 f6 27. Rxe6 Qxe6 28. g6
Re8 29. Rh1 f5 30. Rxh7+ Kg8 31. Rh1 Rae7 32. Rg1 Qe1+ 33. Qxe1 Rxe1+ 34. Kg2
Rxg1+ 35. Kxg1 Re1+ 36. Kg2 Rb1 37. Bd5+ 1/2-1/2

[Event "4NCL 3 South pool D"]
[Site "Telford, ENG"]
[Date "2016.03.20"]
[Round "8.99"]
[White "Crombleholme, Alan K"]
[Black "Rowan, Daniel"]
[Result "1/2-1/2"]
[WhiteElo "2053"]
[BlackElo "1877"]
[PlyCount "45"]
[EventDate "2016.03.20"]

1. d4 d5 2. Nf3 c5 3. g3 Nc6 4. Bg2 Nf6 5. O-O e6 6. c4 Be7 7. cxd5 exd5 8. Nc3
O-O 9. Bg5 c4 10. Ne5 Be6 11. b3 Qa5 12. Nxc6 bxc6 13. Qc2 Bb4 14. Na4 Ne4 15.
Bxe4 dxe4 16. Be3 cxb3 17. axb3 Qd5 18. Rfc1 Rfc8 19. Rcb1 f5 20. Nc5 Bxc5 21.
Ra5 Qd7 22. Qxc5 Rcb8 23. b4 1/2-1/2